000 00698nam a22001937a 4500
005 20100726115519.0
010 _aENG-96960
020 _a9788124114
_c500.00
035 _aEN-80493
037 _bDBAD/PUB
082 _a307.772
100 _aKyndiah, Paty Ripple
_91411
245 _aIncredible Tribes Of India /
_cby Paty Ripple Kyndiah
260 _aNew Delhi
_bHar- Anand Publications
_c2009
270 _aE-49/3, Okhla Industrial Area, Phase 2
_bNew Delhi
_e2009
300 _a144p.
_c22cm (Hb)
942 _2ddc
_cEN
_h307.772
_mKYN
999 _c37660
_d37660